| 000 | 00454nam a2200193Ia 4500 | ||
|---|---|---|---|
| 999 |
_c9653 _d9653 |
||
| 003 | 0100 | ||
| 005 | 20180222154633.0 | ||
| 008 | 130303s9999 xx 000 0 und d | ||
| 020 | _a0841904553 | ||
| 040 | _cARRUPELIB | ||
| 050 | _aDT763.H44 1979 | ||
| 100 |
_aHerbstein, Denis _939514 |
||
| 245 | _aWhite man, we want to talk to you / | ||
| 260 |
_aNew York _bAfrican Pub. Co. _c1979 |
||
| 300 | _a270p. | ||
| 300 | _b 22cm. | ||
| 650 |
_aSouth Africa _xRace relations _929009 |
||
| 650 |
_aSoweto (South Africa) _xHistory _939515 |
||
| 650 |
_aSouth Africa _xPolitics and government _z1961-1978 _939516 |
||
| 650 |
_aRiots -- -- _zSouth Africa _zSoweto _939517 |
||
| 942 |
_2lcc _cMONOGRAPH |
||